[Event "English Schools Championship Final 2024"]
[Site "Nottingham University Kings Meadow Campus, United Kingdom"]
[Date "2024.06.28"]
[Round "5.5"]
[White "Agrawal, Shivam"]
[Black "Kumar, Sanjit S"]
[Result "0-1"]
[TimeControl "G50' + 10\" per move."]
[WhiteFideId "460460"]
[BlackFideId "468142"]
[WhiteElo "2158"]
[BlackElo "1989"]

1. d4 {[%clk 00:50:18]} d5 {[%clk 00:50:14]} {[%emt 00:00:07]} 2. c4 {[%clk
00:50:23]} {[%emt 00:00:06]} c6 {[%clk 00:50:21]} {[%emt 00:00:02]} 3. Nc3
{[%clk 00:50:29]} {[%emt 00:00:05]} Nf6 {[%clk 00:50:27]} {[%emt 00:00:03]} 4.
Nf3 {[%clk 00:50:34]} {[%emt 00:00:05]} e6 {[%clk 00:50:34]} {[%emt 00:00:03]}
5. Bg5 {[%clk 00:50:38]} {[%emt 00:00:06]} Nbd7 {[%clk 00:50:40]} {[%emt
00:00:04]} 6. e3 {[%clk 00:50:40]} {[%emt 00:00:08]} Qa5 {[%clk 00:50:47]}
{[%emt 00:00:03]} 7. Nd2 {[%clk 00:50:44]} {[%emt 00:00:06]} Bb4 {[%clk
00:50:31]} {[%emt 00:00:25]} 8. Bxf6 {[%clk 00:49:17]} {[%emt 00:01:37]} Nxf6
{[%clk 00:50:35]} {[%emt 00:00:06]} 9. Qb3 {[%clk 00:48:24]} {[%emt 00:01:03]}
O-O {[%clk 00:49:14]} {[%emt 00:01:32]} 10. Bd3 {[%clk 00:46:43]} {[%emt
00:01:51]} Be7 {[%clk 00:43:13]} {[%emt 00:06:11]} 11. O-O {[%clk 00:45:51]}
{[%emt 00:01:01]} b6 {[%clk 00:42:12]} {[%emt 00:01:12]} 12. e4 {[%clk
00:43:00]} {[%emt 00:03:00]} dxe4 {[%clk 00:42:15]} {[%emt 00:00:07]} 13. Ndxe4
{[%clk 00:43:09]} {[%emt 00:00:01]} Bb7 {[%clk 00:37:48]} {[%emt 00:04:37]} 14.
Nxf6+ {[%clk 00:24:45]} {[%emt 00:18:35]} Bxf6 {[%clk 00:37:50]} {[%emt
00:00:07]} 15. Ne4 {[%clk 00:24:50]} {[%emt 00:00:05]} Bxd4 {[%clk 00:34:21]}
{[%emt 00:03:39]} 16. Nd6 {[%clk 00:24:54]} {[%emt 00:00:05]} Ba6 {[%clk
00:32:13]} {[%emt 00:02:19]} 17. Bxh7+ {[%clk 00:24:07]} {[%emt 00:00:57]} Kxh7
{[%clk 00:32:17]} {[%emt 00:00:06]} 18. Qd3+ {[%clk 00:24:12]} {[%emt
00:00:04]} Kg8 {[%clk 00:32:23]} {[%emt 00:00:05]} 19. Qxd4 {[%clk 00:24:13]}
{[%emt 00:00:10]} Rad8 {[%clk 00:31:29]} {[%emt 00:01:03]} 20. Rfd1 {[%clk
00:22:12]} {[%emt 00:02:11]} Rd7 {[%clk 00:24:44]} {[%emt 00:06:55]} 21. Rd3
{[%clk 00:20:35]} {[%emt 00:01:47]} Rfd8 {[%clk 00:23:36]} {[%emt 00:01:18]} 22.
Rg3 {[%clk 00:16:05]} {[%emt 00:04:40]} Kf8 {[%clk 00:15:01]} {[%emt 00:08:45]}
23. b4 {[%clk 00:05:32]} {[%emt 00:10:43]} Qh5 {[%clk 00:10:49]} {[%emt
00:04:21]} 24. c5 {[%clk 00:03:56]} {[%emt 00:01:47]} f6 {[%clk 00:09:55]}
{[%emt 00:01:05]} 25. Rh3 {[%clk 00:03:40]} {[%emt 00:00:24]} bxc5 {[%clk
00:08:58]} {[%emt 00:01:09]} 26. bxc5 {[%clk 00:03:17]} {[%emt 00:00:33]} Qd5
{[%clk 00:08:34]} {[%emt 00:00:33]} 27. Qg4 {[%clk 00:03:27]} Rxd6 {[%clk
00:07:04]} {[%emt 00:01:41]} 28. cxd6 {[%clk 00:03:15]} {[%emt 00:00:22]} Rxd6
{[%clk 00:07:01]} {[%emt 00:00:12]} 29. Rh7 {[%clk 00:02:39]} {[%emt 00:00:46]}
Rd7 {[%clk 00:06:52]} {[%emt 00:00:19]} 30. h3 {[%clk 00:01:48]} {[%emt
00:01:01]} Qe5 {[%clk 00:06:07]} {[%emt 00:00:55]} 31. Rc1 {[%clk 00:01:22]}
{[%emt 00:00:37]} Bb7 {[%clk 00:02:34]} {[%emt 00:03:42]} 32. Rh8+ {[%clk
00:01:03]} {[%emt 00:00:29]} Kf7 {[%clk 00:02:27]} {[%emt 00:00:17]} 33. Qb4
{[%clk 00:01:06]} {[%emt 00:00:07]} c5 {[%clk 00:02:22]} {[%emt 00:00:16]} 34.
Qg4 {[%clk 00:00:26]} {[%emt 00:00:50]} Rc7 {[%clk 00:01:08]} {[%emt 00:01:23]}
35. Qh5+ {[%clk 00:00:19]} {[%emt 00:00:17]} Qxh5 {[%clk 00:01:12]} {[%emt
00:00:06]} 36. Rxh5 {[%clk 00:00:28]} Bd5 {[%clk 00:01:09]} {[%emt 00:00:13]}
37. Rh4 {[%clk 00:00:21]} {[%emt 00:00:17]} Bxa2 {[%clk 00:01:10]} {[%emt
00:00:09]} 38. Ra1 {[%clk 00:00:23]} {[%emt 00:00:07]} Bb3 {[%clk 00:01:10]}
{[%emt 00:00:11]} 39. Ra3 {[%clk 00:00:32]} {[%emt 00:00:01]} c4 {[%clk
00:01:13]} {[%emt 00:00:08]} 40. Re4 {[%clk 00:00:30]} {[%emt 00:00:12]} c3
{[%clk 00:00:47]} {[%emt 00:00:36]} 41. Re1 {[%clk 00:00:35]} {[%emt 00:00:04]}
c2 {[%clk 00:00:52]} {[%emt 00:00:06]} 42. Raa1 {[%clk 00:00:34]} {[%emt
00:00:11]} a5 {[%clk 00:00:58]} {[%emt 00:00:04]} 43. Rec1 {[%clk 00:00:36]}
{[%emt 00:00:07]} a4 {[%clk 00:01:07]} 44. Kf1 {[%clk 00:00:46]} e5 {[%clk
00:01:02]} {[%emt 00:00:15]} 45. Ke2 {[%clk 00:00:52]} {[%emt 00:00:04]} Rd7
{[%clk 00:01:10]} {[%emt 00:00:02]} 46. Ke3 {[%clk 00:00:32]} {[%emt 00:00:29]}
Ke6 {[%clk 00:01:17]} {[%emt 00:00:03]} 47. h4 {[%clk 00:00:39]} {[%emt
00:00:04]} Kf5 {[%clk 00:01:25]} {[%emt 00:00:01]} 48. f3 {[%clk 00:00:42]}
{[%emt 00:00:07]} Rd4 {[%clk 00:01:10]} {[%emt 00:00:26]} 49. g4+ {[%clk
00:00:49]} {[%emt 00:00:03]} Ke6 {[%clk 00:01:18]} {[%emt 00:00:02]} 50. h5
{[%clk 00:00:25]} {[%emt 00:00:34]} Kd5 {[%clk 00:01:26]} {[%emt 00:00:02]} 51.
g5 {[%clk 00:00:25]} {[%emt 00:00:09]} fxg5 {[%clk 00:01:27]} {[%emt 00:00:10]}
52. Rg1 {[%clk 00:00:35]} Rd1 {[%clk 00:01:29]} {[%emt 00:00:08]} 53. Kd4+
{[%emt 00:00:36]} 0-1

[Event "English Schools Championship Final 2024"]
[Site "Nottingham University Kings Meadow Campus, United Kingdom"]
[Date "2024.06.28"]
[Round "5.6"]
[White "Stewart, Hari"]
[Black "Kilambi, Venkata Ananth Akshay"]
[Result "1/2-1/2"]
[TimeControl "G50' + 10\" per move."]
[WhiteFideId "448583"]
[BlackFideId "489395"]
[WhiteElo "1907"]
[BlackElo "1985"]

1. c4 {[%clk 00:50:17]} {[%emt 00:00:02]} e5 {[%clk 00:50:12]} {[%emt
00:00:07]} 2. g3 {[%clk 00:50:26]} {[%emt 00:00:05]} d6 {[%clk 00:50:15]}
{[%emt 00:00:04]} 3. Bg2 {[%clk 00:50:33]} {[%emt 00:00:04]} f5 {[%clk
00:50:18]} {[%emt 00:00:06]} 4. Nc3 {[%clk 00:48:17]} {[%emt 00:02:26]} Nf6
{[%clk 00:50:19]} {[%emt 00:00:09]} 5. d3 {[%clk 00:46:56]} {[%emt 00:01:31]}
c6 {[%clk 00:50:22]} {[%emt 00:00:06]} 6. Bg5 {[%clk 00:46:29]} {[%emt
00:00:38]} Be7 {[%clk 00:50:05]} {[%emt 00:00:26]} 7. Bxf6 {[%clk 00:45:55]}
{[%emt 00:00:46]} Bxf6 {[%clk 00:50:09]} {[%emt 00:00:05]} 8. Nf3 {[%clk
00:45:53]} {[%emt 00:00:13]} O-O {[%clk 00:49:39]} {[%emt 00:00:39]} 9. O-O
{[%clk 00:38:23]} {[%emt 00:07:41]} Be6 {[%clk 00:46:56]} {[%emt 00:02:52]} 10.
Rc1 {[%clk 00:37:05]} {[%emt 00:01:28]} Nd7 {[%clk 00:46:16]} {[%emt 00:00:50]}
11. b4 {[%clk 00:30:31]} {[%emt 00:06:45]} Rc8 {[%clk 00:39:03]} {[%emt
00:07:22]} 12. Nd2 {[%clk 00:26:09]} {[%emt 00:04:33]} Nb6 {[%clk 00:31:35]}
{[%emt 00:07:36]} 13. a4 {[%clk 00:25:35]} {[%emt 00:00:46]} Nd7 {[%clk
00:27:32]} {[%emt 00:04:12]} 14. b5 {[%clk 00:21:39]} {[%emt 00:04:06]} Nc5
{[%clk 00:22:26]} {[%emt 00:05:15]} 15. Nb3 {[%clk 00:21:25]} {[%emt 00:00:25]}
Nxb3 {[%clk 00:20:55]} {[%emt 00:01:41]} 16. Qxb3 {[%clk 00:21:32]} {[%emt
00:00:04]} Qd7 {[%clk 00:19:41]} {[%emt 00:01:23]} 17. a5 {[%clk 00:15:50]}
{[%emt 00:05:52]} Rb8 {[%clk 00:12:48]} {[%emt 00:07:02]} 18. Qa4 {[%clk
00:15:16]} {[%emt 00:00:45]} Rfc8 {[%clk 00:10:09]} {[%emt 00:02:49]} 19. Rb1
{[%clk 00:10:58]} {[%emt 00:04:29]} e4 {[%clk 00:08:58]} {[%emt 00:01:21]} 20.
bxc6 {[%clk 00:11:06]} {[%emt 00:00:02]} bxc6 {[%clk 00:08:55]} {[%emt
00:00:11]} 21. Na2 {[%clk 00:10:43]} {[%emt 00:00:33]} d5 {[%clk 00:07:59]}
{[%emt 00:01:07]} 22. Nb4 {[%clk 00:10:24]} {[%emt 00:00:28]} Qd6 {[%clk
00:06:29]} {[%emt 00:01:40]} 23. Rfc1 {[%clk 00:07:31]} {[%emt 00:03:04]} Bd4
{[%clk 00:04:35]} {[%emt 00:02:04]} 24. cxd5 {[%clk 00:07:12]} {[%emt
00:00:29]} cxd5 {[%clk 00:04:42]} {[%emt 00:00:03]} 25. Rxc8+ {[%clk 00:05:05]}
{[%emt 00:02:17]} Rxc8 {[%clk 00:04:49]} {[%emt 00:00:04]} 26. e3 {[%clk
00:05:02]} {[%emt 00:00:13]} Bc3 {[%clk 00:03:49]} {[%emt 00:01:10]} 27. Na2
{[%clk 00:04:06]} {[%emt 00:01:06]} Bf6 {[%clk 00:03:34]} {[%emt 00:00:24]} 28.
d4 {[%clk 00:03:51]} {[%emt 00:00:25]} g6 {[%clk 00:02:53]} {[%emt 00:00:50]}
29. Bf1 {[%clk 00:03:54]} {[%emt 00:00:08]} Bd7 {[%clk 00:02:29]} {[%emt
00:00:34]} 30. Qb3 {[%clk 00:03:34]} {[%emt 00:00:28]} Bd8 {[%clk 00:01:56]}
{[%emt 00:00:44]} 31. a6 {[%clk 00:02:54]} {[%emt 00:00:52]} Bc7 {[%clk
00:01:34]} {[%emt 00:00:32]} 32. Rc1 {[%clk 00:01:28]} {[%emt 00:01:36]} Rb8
{[%clk 00:01:16]} {[%emt 00:00:27]} 33. Qc2 {[%clk 00:01:17]} {[%emt 00:00:20]}
Ba5 {[%clk 00:01:12]} {[%emt 00:00:15]} 34. Kg2 {[%clk 00:00:59]} {[%emt
00:00:28]} Qa3 {[%clk 00:01:05]} {[%emt 00:00:16]} 35. Rb1 {[%clk 00:00:38]}
{[%emt 00:00:32]} Rc8 {[%clk 00:00:56]} {[%emt 00:00:19]} 36. Qb2 {[%clk
00:00:29]} {[%emt 00:00:19]} Qxb2 37. Rxb2 {[%clk 00:00:39]} Rc7 {[%clk
00:00:28]} {[%emt 00:00:23]} 38. Rb7 {[%clk 00:00:17]} {[%emt 00:00:32]} Bc6
{[%clk 00:00:35]} {[%emt 00:00:02]} 39. Rxc7 Bxc7 {[%clk 00:00:44]} 40. Nb4
{[%clk 00:00:33]} {[%emt 00:00:02]} Ba8 {[%clk 00:00:46]} {[%emt 00:00:07]} 41.
Bb5 {[%clk 00:00:36]} {[%emt 00:00:08]} Kf7 {[%clk 00:00:39]} {[%emt 00:00:16]}
42. Kf1 {[%clk 00:00:22]} {[%emt 00:00:26]} Ke6 {[%clk 00:00:40]} {[%emt
00:00:06]} 43. Ke2 {[%clk 00:00:25]} {[%emt 00:00:08]} Kd6 {[%clk 00:00:48]}
{[%emt 00:00:03]} 44. Kd2 {[%clk 00:00:34]} Ba5 {[%clk 00:00:55]} {[%emt
00:00:02]} 45. Kc3 {[%clk 00:00:44]} Bxb4+ {[%clk 00:00:31]} {[%emt 00:00:34]}
46. Kxb4 {[%clk 00:00:52]} {[%emt 00:00:01]} Bc6 {[%clk 00:00:40]} {[%emt
00:00:01]} 47. Be2 {[%clk 00:00:14]} {[%emt 00:00:48]} h6 {[%clk 00:00:29]}
{[%emt 00:00:21]} 48. g4 {[%clk 00:00:12]} {[%emt 00:00:12]} Bd7 {[%clk
00:00:28]} {[%emt 00:00:11]} 49. gxf5 {[%clk 00:00:17]} {[%emt 00:00:05]} gxf5
{[%clk 00:00:33]} {[%emt 00:00:06]} 50. Bh5 {[%clk 00:00:20]} {[%emt 00:00:06]}
Kc6 {[%clk 00:00:28]} {[%emt 00:00:15]} 51. Bf7 {[%clk 00:00:29]} {[%emt
00:00:02]} Kd6 {[%clk 00:00:32]} {[%emt 00:00:06]} 52. h4 {[%clk 00:00:28]}
{[%emt 00:00:11]} Bc6 {[%clk 00:00:29]} {[%emt 00:00:13]} 53. Bg6 {[%clk
00:00:29]} {[%emt 00:00:09]} Bd7 {[%clk 00:00:38]} {[%emt 00:00:01]} 54. Bf7
{[%clk 00:00:30]} {[%emt 00:00:08]} Kc6 {[%clk 00:00:28]} {[%emt 00:00:20]} 55.
Ka5 {[%clk 00:00:27]} {[%emt 00:00:13]} Bc8 {[%clk 00:00:30]} {[%emt 00:00:09]}
56. Be8+ {[%clk 00:00:30]} {[%emt 00:00:07]} Kd6 {[%clk 00:00:30]} {[%emt
00:00:10]} 57. Kb5 {[%clk 00:00:13]} {[%emt 00:00:27]} Be6 {[%clk 00:00:23]}
{[%emt 00:00:16]} 58. Bg6 {[%clk 00:00:14]} {[%emt 00:00:09]} Bd7+ {[%clk
00:00:23]} {[%emt 00:00:11]} 59. Ka5 {[%clk 00:00:21]} {[%emt 00:00:02]} Ke7
{[%clk 00:00:18]} {[%emt 00:00:16]} 60. Kb4 {[%clk 00:00:19]} {[%emt 00:00:12]}
Kd6 {[%clk 00:00:27]} 61. Ka5 {[%clk 00:00:27]} {[%emt 00:00:01]} Be6 {[%clk
00:00:18]} {[%emt 00:00:19]} 62. Kb5 {[%clk 00:00:33]} {[%emt 00:00:04]} Bd7+
{[%clk 00:00:26]} {[%emt 00:00:02]} 1/2-1/2

[Event "English Schools Championship Final 2024"]
[Site "Nottingham University Kings Meadow Campus, United Kingdom"]
[Date "2024.06.28"]
[Round "5.7"]
[White "Zheng, Harry Z"]
[Black "Makkar, Rajat"]
[Result "0-1"]
[TimeControl "G50' + 10\" per move."]
[WhiteFideId "460982"]
[BlackFideId "36016810"]
[WhiteElo "2200"]
[BlackElo "2602"]

1. e4 {[%clk 00:50:17]} {[%emt 00:00:02]} e5 {[%clk 00:49:53]} {[%emt
00:00:29]} 2. Nf3 {[%clk 00:50:16]} {[%emt 00:00:10]} Nc6 {[%clk 00:49:55]}
{[%emt 00:00:09]} 3. Bb5 {[%clk 00:50:09]} {[%emt 00:00:15]} a6 {[%clk
00:50:00]} {[%emt 00:00:07]} 4. Ba4 {[%clk 00:50:11]} {[%emt 00:00:08]} Bc5
{[%clk 00:50:05]} {[%emt 00:00:05]} 5. O-O {[%clk 00:49:28]} {[%emt 00:00:53]}
Nge7 {[%clk 00:49:43]} {[%emt 00:00:32]} 6. c3 {[%clk 00:42:30]} {[%emt
00:07:07]} Ba7 {[%clk 00:48:19]} {[%emt 00:01:35]} 7. d4 {[%clk 00:40:20]}
{[%emt 00:02:19]} Ng6 {[%clk 00:46:47]} {[%emt 00:01:43]} 8. Bg5 {[%clk
00:37:15]} {[%emt 00:03:14]} f6 {[%clk 00:46:53]} {[%emt 00:00:05]} 9. Be3
{[%clk 00:37:15]} {[%emt 00:00:09]} O-O {[%clk 00:47:00]} {[%emt 00:00:03]} 10.
d5 {[%clk 00:31:59]} {[%emt 00:05:27]} Nce7 {[%clk 00:46:48]} {[%emt 00:00:22]}
11. h4 {[%clk 00:30:00]} {[%emt 00:02:08]} d6 {[%clk 00:41:35]} {[%emt
00:05:23]} 12. h5 {[%clk 00:28:17]} {[%emt 00:01:53]} Nh8 {[%clk 00:41:34]}
{[%emt 00:00:12]} 13. Bxa7 {[%clk 00:25:27]} {[%emt 00:03:01]} Rxa7 {[%clk
00:41:43]} {[%emt 00:00:01]} 14. Nh4 {[%clk 00:25:21]} {[%emt 00:00:15]} Nf7
{[%clk 00:41:19]} {[%emt 00:00:33]} 15. g4 {[%clk 00:22:54]} {[%emt 00:02:38]}
f5 {[%clk 00:35:19]} {[%emt 00:06:10]} 16. Nxf5 {[%clk 00:18:54]} {[%emt
00:04:09]} Nxf5 {[%clk 00:29:43]} {[%emt 00:05:46]} 17. exf5 {[%clk 00:17:48]}
{[%emt 00:01:16]} Qh4 {[%clk 00:29:21]} {[%emt 00:00:30]} 18. Kg2 {[%clk
00:15:54]} {[%emt 00:02:06]} Nh6 {[%clk 00:28:57]} {[%emt 00:00:34]} 19. f3
{[%clk 00:10:46]} {[%emt 00:05:18]} Nxf5 {[%clk 00:28:19]} {[%emt 00:00:48]} 20.
Qe1 {[%clk 00:07:19]} {[%emt 00:03:38]} Qg5 {[%clk 00:28:15]} {[%emt 00:00:14]}
21. Kf2 {[%clk 00:06:02]} {[%emt 00:01:26]} Nh4 {[%clk 00:27:30]} {[%emt
00:00:55]} 22. Ke2 {[%clk 00:04:24]} {[%emt 00:01:49]} e4 {[%clk 00:27:07]}
{[%emt 00:00:32]} 23. Kd1 {[%clk 00:02:02]} {[%emt 00:02:32]} Nxf3 {[%clk
00:26:27]} {[%emt 00:00:50]} 24. Qg3 {[%clk 00:00:41]} {[%emt 00:01:32]} Bxg4
{[%clk 00:26:20]} {[%emt 00:00:17]} 25. Kc2 {[%clk 00:00:47]} {[%emt 00:00:03]}
e3 {[%clk 00:26:14]} {[%emt 00:00:16]} 26. Na3 {[%clk 00:00:26]} {[%emt
00:00:31]} Bf5+ {[%clk 00:26:18]} {[%emt 00:00:06]} 0-1

[Event "English Schools Championship Final 2024"]
[Site "Nottingham University Kings Meadow Campus, United Kingdom"]
[Date "2024.06.28"]
[Round "5.8"]
[White "Kothari, Jai"]
[Black "Rebonato Scott, Sebastiano"]
[Result "1-0"]
[TimeControl "G50' + 10\" per move."]
[WhiteFideId "477117"]
[BlackFideId "480827"]
[WhiteElo "2129"]
[BlackElo "1883"]

1. e4 {[%clk 00:50:12]} {[%emt 00:00:07]} c6 {[%clk 00:50:19]} {[%emt
00:00:02]} 2. d4 {[%clk 00:50:15]} {[%emt 00:00:08]} d5 {[%clk 00:50:27]}
{[%emt 00:00:02]} 3. exd5 {[%clk 00:50:19]} {[%emt 00:00:06]} cxd5 {[%clk
00:50:34]} {[%emt 00:00:03]} 4. Bd3 {[%clk 00:50:20]} {[%emt 00:00:08]} Nf6
{[%clk 00:50:38]} {[%emt 00:00:06]} 5. c3 {[%clk 00:50:25]} {[%emt 00:00:07]}
Nc6 {[%clk 00:50:44]} {[%emt 00:00:02]} 6. Bf4 {[%clk 00:50:30]} {[%emt
00:00:06]} Bg4 {[%clk 00:50:53]} 7. Qb3 {[%clk 00:50:33]} {[%emt 00:00:07]} Qd7
{[%clk 00:51:01]} {[%emt 00:00:02]} 8. Nd2 {[%clk 00:50:37]} {[%emt 00:00:06]}
e6 {[%clk 00:51:06]} {[%emt 00:00:05]} 9. Ngf3 {[%clk 00:50:44]} {[%emt
00:00:03]} Bd6 {[%clk 00:51:10]} {[%emt 00:00:05]} 10. Bxd6 {[%clk 00:50:50]}
{[%emt 00:00:05]} Qxd6 {[%clk 00:51:15]} {[%emt 00:00:05]} 11. O-O {[%clk
00:50:55]} {[%emt 00:00:06]} O-O {[%clk 00:51:21]} {[%emt 00:00:04]} 12. Rae1
{[%clk 00:51:02]} {[%emt 00:00:03]} Bxf3 {[%clk 00:51:21]} {[%emt 00:00:10]} 13.
Nxf3 {[%clk 00:51:05]} {[%emt 00:00:06]} Qc7 {[%clk 00:51:27]} {[%emt
00:00:04]} 14. Qd1 {[%clk 00:51:05]} {[%emt 00:00:11]} Rfe8 {[%clk 00:45:09]}
{[%emt 00:06:28]} 15. Ne5 {[%clk 00:46:00]} {[%emt 00:05:14]} Nxe5 {[%clk
00:45:06]} {[%emt 00:00:13]} 16. dxe5 {[%clk 00:46:04]} {[%emt 00:00:05]} Nd7
{[%clk 00:45:12]} {[%emt 00:00:05]} 17. f4 {[%clk 00:45:34]} {[%emt 00:00:41]}
b5 {[%clk 00:42:35]} {[%emt 00:02:46]} 18. Rf3 {[%clk 00:44:50]} {[%emt
00:00:54]} Rab8 {[%clk 00:39:05]} {[%emt 00:03:40]} 19. Rh3 {[%clk 00:44:54]}
{[%emt 00:00:06]} Nf8 {[%clk 00:38:45]} {[%emt 00:00:30]} 20. Bxh7+ {[%clk
00:44:32]} {[%emt 00:00:33]} Nxh7 {[%clk 00:37:50]} {[%emt 00:01:05]} 21. Qh5
{[%clk 00:44:41]} {[%emt 00:00:01]} Qc5+ {[%clk 00:35:34]} {[%emt 00:02:25]} 22.
Kh1 {[%clk 00:43:19]} {[%emt 00:01:32]} Qf2 {[%clk 00:34:44]} {[%emt 00:01:00]}
23. Qxh7+ {[%clk 00:43:16]} {[%emt 00:00:14]} Kf8 {[%clk 00:34:53]} 24. Rhe3
{[%clk 00:42:17]} {[%emt 00:01:09]} Qxf4 {[%clk 00:30:01]} {[%emt 00:05:02]} 25.
Rf3 {[%clk 00:41:33]} {[%emt 00:00:53]} Qh6 {[%clk 00:29:33]} {[%emt 00:00:39]}
26. Qd3 {[%clk 00:41:37]} {[%emt 00:00:06]} g6 {[%clk 00:26:17]} {[%emt
00:03:27]} 27. Qd4 {[%clk 00:40:36]} {[%emt 00:01:11]} Kg8 {[%clk 00:20:13]}
{[%emt 00:06:13]} 28. Qxa7 {[%clk 00:39:04]} {[%emt 00:01:43]} Qg7 {[%clk
00:19:43]} {[%emt 00:00:39]} 29. Ref1 {[%clk 00:36:52]} {[%emt 00:02:23]} Rf8
{[%clk 00:19:51]} {[%emt 00:00:01]} 30. Rxf7 {[%clk 00:33:40]} {[%emt
00:03:22]} Qxe5 {[%clk 00:17:13]} {[%emt 00:02:48]} 31. Qf2 {[%clk 00:32:53]}
{[%emt 00:00:57]} Rfe8 {[%clk 00:13:38]} {[%emt 00:03:45]} 32. Qh4 {[%clk
00:31:32]} {[%emt 00:01:31]} Qh8 {[%clk 00:12:57]} {[%emt 00:00:51]} 33. Qg3
{[%clk 00:29:42]} {[%emt 00:02:01]} Qh5 {[%clk 00:11:08]} {[%emt 00:01:59]} 34.
R7f6 {[%clk 00:28:54]} {[%emt 00:00:58]} Kg7 {[%clk 00:10:22]} {[%emt
00:00:56]} 35. Qc7+ {[%clk 00:28:59]} {[%emt 00:00:04]} Kh6 {[%clk 00:09:59]}
{[%emt 00:00:34]} 36. Rf7 {[%clk 00:28:36]} {[%emt 00:00:33]} Rh8 {[%clk
00:08:09]} {[%emt 00:01:59]} 37. R1f3 {[%clk 00:28:34]} {[%emt 00:00:12]} Rhf8
{[%clk 00:05:29]} {[%emt 00:02:49]} 38. Qf4+ {[%clk 00:28:36]} {[%emt
00:00:09]} g5 {[%clk 00:05:37]} {[%emt 00:00:02]} 39. Qf6+ {[%clk 00:28:41]}
{[%emt 00:00:05]} Qg6 {[%clk 00:05:28]} {[%emt 00:00:18]} 40. Rh3# {[%clk
00:28:48]} {[%emt 00:00:03]} 1-0